BIBLIOTECA

SENCICO

1000 diseños para el jardín y dónde encontrarlos (Registro nro. 2130)

Detalles MARC
000 -LEADER
fixed length control field 00835nam a2200253Ia 4500
005 - DATE AND TIME OF LATEST TRANSACTION
control field 20251020182533.0
008 - FIXED-LENGTH DATA ELEMENTS--GENERAL INFORMATION
fixed length control field 200515s9999 xx 000 0 und d
020 ## - INTERNATIONAL STANDARD BOOK NUMBER
International Standard Book Number 978-84-9801-510-2
082 ## - DEWEY DECIMAL CLASSIFICATION NUMBER
Classification number 712.361/R92
100 ## - MAIN ENTRY--PERSONAL NAME
Personal name Rudge, Geraldine
100 ## - MAIN ENTRY--PERSONAL NAME
Personal name Rudge, Ian
245 #0 - TITLE STATEMENT
Title 1000 diseños para el jardín y dónde encontrarlos
250 ## - EDITION STATEMENT
Edition statement 1a ed.
260 ## - PUBLICATION, DISTRIBUTION, ETC.
Place of publication, distribution, etc. Barcelona
260 ## - PUBLICATION, DISTRIBUTION, ETC.
Name of publisher, distributor, etc. Blume
260 ## - PUBLICATION, DISTRIBUTION, ETC.
Date of publication, distribution, etc. 2011
300 ## - PHYSICAL DESCRIPTION
Other physical details il.
500 ## - GENERAL NOTE
General note 1 ejemplar
520 ## - SUMMARY, ETC.
Summary, etc. 1 ejemplar. Consta de diez capítulos encabezados por una entrevista con un destacado experto en diseño de jardines, arquitectura, diseño de productos y artes plásticas, es una obra de referencia profusamente ilustrada, que recoge lo mejor del diseño conte
650 ## - SUBJECT ADDED ENTRY--TOPICAL TERM
Topical term or geographic name entry element JARDINES
650 ## - SUBJECT ADDED ENTRY--TOPICAL TERM
Topical term or geographic name entry element PAISAJISMO
942 ## - ADDED ENTRY ELEMENTS (KOHA)
Koha item type Libros
Existencias
Fecha de la última vez que lo usaron Pago total Signatura topográfica completa Código de barras Precio efectivo desde Tipo de documento Estado perdido Estado dañado No es para préstamo Retirado Ubicación permanente Ubicación actual Fecha de adquisición
15/05/2020   712.361/R92 Bib-Lima15052130 15/05/2020 Libros         Biblioteca Central Lima Biblioteca Central Lima 15/05/2020